000 00374nam a2200145Ia 4500
008 090124s9999 xx 000 0 und d
082 _b46377
245 _aTALES AND PARABLES OF DRI RAMKRISHNA
250 _a0
260 _c1974
300 _a272
630 _aTALES AND PARABLES OF DRI RAMKRISHNA
730 _aTALES AND PARABLES OF DRI RAMKRISHNA
942 _cBOOK
999 _c112596
_d112596